Największe miasta w Niemczech zawierające literę - Statystyki

Ogólne statystyki
  • Ten quiz został rozwiązany 333 razy
  • Średni wynik to 21 z 33
Statystyki odpowiedzi
Litera Miasto % Poprawnych
B Berlin
99%
E Berlin
99%
I Berlin
99%
L Berlin
99%
N Berlin
99%
R Berlin
99%
C Monachium
96%
O Monachium
96%
A Hamburg
93%
G Hamburg
93%
H Hamburg
93%
M Hamburg
93%
U Hamburg
93%
D Frankfurt nad Menem / Düsseldorf
92%
F Frankfurt nad Menem
85%
T Frankfurt nad Menem
85%
Ą Frankfurt nad Odrą
85%
K Kolonia
85%
Z Drezno
69%
P Lipsk
65%
S Stuttgart
65%
Ü Düsseldorf
59%
W Hanower
50%
Y Norymberga
46%
J Jena
29%
Ż Chociebuż
24%
Ö Mönchengladbach
13%
V Leverkusen
12%
Ś Miśnia
7%
Q Quedlinburg
4%
ß Gießen
3%
X Castrop-Rauxel
1%
Ä Kempten (Allgäu) / Schwäbisch Gmünd
0%
Nie znaleziono quizów pasujących do podanych kryteriów
Rozkład punktacji
Procent ludzi z każdym wynikiem
Percentyl według liczby udzielonych odpowiedzi
Twoja historia wyników
Nie rozwiązałeś tego quizu